Cancionero

Saved in:
Bibliografiske detaljer
Hovedforfatter: Manrique, Jorge (autor)
Format: Bog
Sprog:spansk
Udgivet: Madrid Espasa-Calpe 1952
Udgivelse:4a. ed
Serier:Clásicos Castellanos, 94
Fag:
Tags: Tilføj Tag
Ingen Tags, Vær først til at tagge denne postø!

MARC

LEADER 00000nam a2200000 a 4500
001 UCX5018
003 CL-VaPUC
008 920825e19520000SP |||||||||||||||||spa|d
082 0 4 |a 861  |b MAN  |2 21 
100 |a Manrique, Jorge  |e autor  |9 321329 
245 1 0 |a Cancionero 
250 |a 4a. ed 
300 |a 176 p 
942 |c BK 
945 |d 19920825 00:00:00 
260 |a Madrid  |b Espasa-Calpe  |c 1952 
650 0 |a Poesías españolas  |9 265100 
583 |a last modification  |c 19920825 00:00:00  |k Rodrigo Vera 
490 0 |a Clásicos Castellanos, 94 
999 |c 225376  |d 225374 
952 |0 0  |1 0  |4 0  |6 861_000000000000000_MAN_1952  |7 0  |8 A  |9 222849  |a FDOPOS  |b FDOPOS  |d 2019-11-15  |i 291607K  |o 861 MAN 1952  |p 291607K  |r 2025-01-22  |w 2019-11-15  |y BK  |k MLH